000
00312nam a22001337a 4500
008
181030b xxu||||| |||| 00| 0 eng d
020
_a
9781437719352
041
_a
eng
080
_a
618
100
_a
8
101
_a
GJIN
245
_a
Obstetrics/ Normal and Problem Pregnancies
_c
Gabbe, S.G
942
_2
udc
_c
BK
999
_c
51175
_d
51175